| 000 | 01687nam0a2200325 4500 | ||
|---|---|---|---|
| 001 | RU\NLR\bibl\895857 | ||
| 005 | 20250614174324.0 | ||
| 010 |
_a5-89502-598-6 _bМПСИ |
||
| 010 |
_a5-89395-612-5 _bМОДЭК _95000 |
||
| 021 |
_aRU _b2005-71231 _93509 |
||
| 035 | _a(NLR Aleph) 000884320 | ||
| 090 |
_a1678625 _c1678625 |
||
| 100 | _a20060112d2005 |||y0rusy50 ca | ||
| 101 | 0 | _arus | |
| 102 | _aRU | ||
| 105 | _aa ||||||||| | ||
| 200 | 1 |
_aПрактикум по психодиагностике _eучебное пособие _eдля студентов высших учебных заведений, обучающихся по направлению и специальностям психологии _fН.С. Глуханюк _gМ-во образования и науки Рос. Федерации, Рос. акад. образования, Моск. психол.-соц. ин-т, Рос. гос. проф.-пед. ун-т |
|
| 205 | _a2-е изд., перераб. и доп. | ||
| 210 |
_aМосква _cИзд-во Московского психолого-социального института _aВоронеж _cМОДЭК _d2005 |
||
| 215 |
_a204 с. _cил. _d21 |
||
| 225 | 1 | _aБиблиотека психолога | |
| 320 | _aБиблиогр.: с. 185-188 | ||
| 606 | 1 |
_aПсиходиагностика _jУчебные издания для высших учебных заведений _91531537 _3RU\NLR\auth\66666931 |
|
| 686 | _aЮ93в6я73 | ||
| 700 | 1 |
_aГлуханюк _bН. С. _gНаталья Степановна _4070 |
|
| 801 | 0 |
_aRU _bNLR _c20060112 _grcr |
|
| 801 | 1 |
_aRU _bNLR _c20060112 |
|
| 942 | _cBOOK | ||
| 980 | _aNB | ||